A history of philosophy

Na minha lista:
Detalhes bibliográficos
Autor principal: Copleston, Frederick
Formato: Livro
Idioma:Undetermined
Publicado em: New York Image Books 1963
Assuntos:
Tags: Adicionar Tag
Sem tags, seja o primeiro a adicionar uma tag!
Thư viện lưu trữ: Trung tâm Học liệu Trường Đại học Cần Thơ
LEADER 00500nam a2200193Ia 4500
001 CTU_90253
008 210402s9999 xx 000 0 und d
082 |a 190 
082 |b C784/Vol.3 
100 |a Copleston, Frederick 
245 2 |a A history of philosophy 
245 0 |c Frederick Copleston 
260 |a New York 
260 |b Image Books 
260 |c 1963 
650 |a Philosophy 
650 |x History 
904 |i Nguyên,Hải 
980 |a Trung tâm Học liệu Trường Đại học Cần Thơ